| 000 | 01398nam a22003377a 4500 | ||
|---|---|---|---|
| 999 |
_c22631 _d22631 |
||
| 003 | AR-CdUCM | ||
| 008 | 190427b ||||| |||| 00| 0 spa d | ||
| 020 | _a9786124857102 | ||
| 040 |
_aMUNICIPALIDAD PROVINCIAL DEL CUSCO _cBIBLIOTECA MUNICIPAL DEL CUSCO |
||
| 082 |
_a985.04/G10 _bG10 _2segunda |
||
| 245 |
_aLa independencia en el Perú / _cGobierno Regional Cusco |
||
| 260 |
_aCusco : _bKopy Graf, _c2021. |
||
| 300 |
_a293 paginas. : _c23 cm. |
||
| 505 | _aContenido: La independencia en el Perú las palabras y los hechos. -- La crisis de la independencia. -- Interpretación de la independencia de América Latina. -- La participación de las clases populares en los movimientos de independencia de América Latina. -- El impacto de la revolución industrial. | ||
| 650 |
_aHistoria _948700 |
||
| 650 |
_aRebeliones indígenas _931521 |
||
| 650 |
_aLevantamientos andinos _944095 |
||
| 650 |
_aIndependencia del Perú _912556 |
||
| 700 |
_aParedes Pando _ecompilador _948701 |
||
| 700 |
_aMatos Mar, José _94659 |
||
| 700 |
_aMacera, Pablo _913610 |
||
| 700 |
_aBonilla, Heraclio _95342 |
||
| 700 |
_aSpalding, Karen _938470 |
||
| 700 |
_aChaunu, Pierre _924069 |
||
| 700 |
_aVilar, Pierre _924071 |
||
| 700 |
_aHobsbawn, E.J _948702 |
||
| 710 |
_aGobierno Regional Cusco _922459 |
||
| 710 |
_aComisión Regional del Bicentenario _948703 |
||
| 942 |
_2ddc _cLIBROS |
||
| 945 | _arac | ||